| 000 | 02871cam a22003614a 4500 | ||
|---|---|---|---|
| 001 | data | ||
| 005 | 20260322212121.0 | ||
| 008 | data | ||
| 035 | _a12435260 | ||
| 906 |
_a7 _bcbc _corignew _d1 _eocip _f20 _gy-gencatlg |
||
| 925 | 0 |
_aacquire _b2 shelf copies _xpolicy default |
|
| 010 | _a 2001026905 | ||
| 020 |
_a1578064112 _qcloth |
||
| 020 |
_a9781578064113 _q(cloth) |
||
| 040 |
_aDLC _cDLC _dDLC |
||
| 042 | _apcc | ||
| 050 | 0 | 0 |
_aG163 _b.D44 2001 |
| 082 | 0 | 0 |
_a910/.4 _221 |
| 245 | 0 | 0 |
_aDefining travel : _bdiverse visions / _cedited by Susan L. Roberson. |
| 260 |
_aJackson : _bUniversity Press of Mississippi, _cc2001. |
||
| 300 |
_axxvi, 297 p. ; _c24 cm. |
||
| 336 |
_atext _btxt _2rdacontent |
||
| 337 |
_aunmediated _bn _2rdamedia |
||
| 338 |
_avolume _bnc _2rdacarrier |
||
| 504 | _aIncludes bibliographical references (p. [287]-289 ) and index. | ||
| 505 | 8 | _aMachine generated contents note: TRAVEL AND TOURISM i -- The Ancients and the Moders: From Suffering to Freedom 5 -- ERIC LEED -- Sightseeing and Social Structure I 3 -- DEAN MACCANNELL -- Phenomenology of Tourist Experiences 29 -- ERIK COHEN -- America 56 -- JEAN BAUDRILLARD -- READING AND WRITING TRAVEL 6I -- The School of Dreams Is Located Under the Bed 67 -- HELENE CIXOUS -- Travel and Writing 69 -- MICHEL BUTOR -- Spatial Stories 88 -- MICHEL DE CERTEAU -- Travel Books as Literary Phenomena Io5 -- PAUL FUSSELL -- Language and Event in New World History II7 -- WAYNE FRANKLIN -- Scratches on the Face of the Country; or, What Mr. Barrow -- Saw in the Land of the Bushmen 132 -- MARY LOUISE PRATT -- THE NEW INTERNATIONALISM I53 -- Border Lives: The Art of the Present I57 -- HOMI BHABHA -- A Global Sense of Place I67 -- DOREEN MASSEY -- Reflections on Exile 178 -- EDWARD W. SAID -- Deterritorializations: The Rewriting of Home and Exile in -- Western Feminist Discourse Igo90 -- CAREN KAPLAN -- Is the Ethnic "Authentic" in the Diaspora? 200 -- R. RADHAKRISHNAN -- THE POLITICS OF RELOCATION 2II -- The Relocation of Low-Income Rural Communities with -- Strong Ties to the Land 217 -- THAYER SCUDDER -- The Desi Chain 222 -- GUSTAVO PtREZ-FIRMAT -- The Homeland, Aztlan 232 -- GLORIA ANZALDOA -- Native American Novels: Homing In 244 -- WILLIAM BEVIS -- Sea Change: The Middle Passage and The Transatlantic -- Imagination 258 -- CARL PEDERSEN -- Who Set You Flowin'?: The African American Migration -- Narrative 267 -- FARAH JASMINE GRIFFIN -- Essayists 28I -- Acknowledgments 287 -- Index 29. | |
| 650 | 0 | _aTravel. | |
| 650 | 0 | _aTravelers. | |
| 700 | 1 |
_aRoberson, Susan L., _d1950- |
|
| 856 | 4 | 1 |
_3Table of contents _uhttp://www.loc.gov/catdir/toc/fy022/2001026905.html |
| 999 |
_c1852 _d1852 |
||